Pays d'Afrique de l'hémisphère nord. - Statistiques

Statistiques générales
  • Ce quiz a été pris 64 fois
    61 depuis la dernière actualisation
  • Le résultat moyen est 32 sur 37
Statistiques - réponses
Réponses % Correct
Algérie
98%
Égypte
98%
Maroc
98%
Libye
96%
Soudan
96%
Tunisie
96%
Niger
95%
Sénégal
95%
Mali
93%
Nigeria
93%
Soudan du sud
93%
Guinée
91%
République démocratique du Congo
91%
Cameroun
89%
Cap-vert
89%
République du Congo
89%
Mauritanie
87%
Togo
87%
Guinée-Bissau
85%
Liberia
85%
Somalie
85%
Tchad
85%
Bénin
84%
Érythrée
84%
Éthiopie
84%
Ghana
84%
Guinée Équatoriale
84%
Kenya
84%
Côte d’Ivoire
82%
Djibouti
82%
Gambie
82%
Gabon
78%
République centrafricaine
78%
Sierra Leone
76%
Burkina Faso
75%
Ouganda
75%
Sao Tomé-et-Principe
67%
Aucun quiz correspondant
Distribution des résultats
% des personnes avec chaque résultat
Percentile par nombre de réponses
Votre historique - résultats
Vous n’avez pas pris ce quiz depuis la dernière actualisation